The Laughing Classroom (Record no. 23791)
[ view plain ]
| 000 -LEADER | |
|---|---|
| fixed length control field | 00717nam a22002297a 4500 |
| 003 - CONTROL NUMBER IDENTIFIER | |
| control field | OSt |
| 005 - DATE AND TIME OF LATEST TRANSACTION | |
| control field | 20260610123808.0 |
| 008 - FIXED-LENGTH DATA ELEMENTS--GENERAL INFORMATION | |
| fixed length control field | 260610b |||||||| |||| 00| 0 eng d |
| 020 ## - INTERNATIONAL STANDARD BOOK NUMBER | |
| International Standard Book Number | 0915811448 |
| 040 ## - CATALOGING SOURCE | |
| Transcribing agency | Chuka University Library |
| 050 ## - LIBRARY OF CONGRESS CALL NUMBER | |
| Classification number | LB 1027 |
| Item number | .L0 1993 |
| 100 ## - MAIN ENTRY--PERSONAL NAME | |
| Personal name | Loomans Diane |
| 9 (RLIN) | 28211 |
| 245 ## - TITLE STATEMENT | |
| Title | The Laughing Classroom |
| Remainder of title | Everyone's Guide to Teaching With Humor and Play |
| 260 ## - PUBLICATION, DISTRIBUTION, ETC. | |
| Place of publication, distribution, etc. | California |
| Name of publisher, distributor, etc. | H J Kramer, Inc. |
| Date of publication, distribution, etc. | 1993 |
| 300 ## - PHYSICAL DESCRIPTION | |
| Extent | 220p |
| Other physical details | Illustrations |
| 650 ## - SUBJECT ADDED ENTRY--TOPICAL TERM | |
| Topical term or geographic name entry element | Teaching |
| 9 (RLIN) | 9404 |
| 650 ## - SUBJECT ADDED ENTRY--TOPICAL TERM | |
| Topical term or geographic name entry element | Humor in Education |
| 9 (RLIN) | 28212 |
| 650 ## - SUBJECT ADDED ENTRY--TOPICAL TERM | |
| Topical term or geographic name entry element | Teacher-Student Relationships |
| 9 (RLIN) | 27752 |
| 650 ## - SUBJECT ADDED ENTRY--TOPICAL TERM | |
| Topical term or geographic name entry element | Classroom Management |
| 9 (RLIN) | 11400 |
| 700 ## - ADDED ENTRY--PERSONAL NAME | |
| Personal name | Karen J. Kolberg (Author) |
| 9 (RLIN) | 28213 |
| 942 ## - ADDED ENTRY ELEMENTS (KOHA) | |
| Source of classification or shelving scheme | Library of Congress Classification |
| Koha item type | Long Loan Books |
| Suppress in OPAC | No |
| Withdrawn status | Lost status | Source of classification or shelving scheme | Damaged status | Not for loan | Collection | Home library | Current library | Shelving location | Date acquired | Source of acquisition | Cost, normal purchase price | Total Checkouts | Full call number | Barcode | Date last seen | Price effective from | Koha item type |
|---|---|---|---|---|---|---|---|---|---|---|---|---|---|---|---|---|---|
| Library of Congress Classification | General Collection Books | Main Campus Library | Main Campus Library | General Stacks | 10/06/2026 | Donations from books for Africa | 1650.63 | LB 1027 .L0 1993 | 33784/2026 | 10/06/2026 | 10/06/2026 | Long Loan Books |
